[Event "8th Amsterdam Summer Open-A 2018"]
[Site "Amsterdam"]
[Date "2018.07.14"]
[Round "8"]
[White "Zak, Arad"]
[Black "De Jong, Tom"]
[Result "0-1"]
[WhiteElo "2048"]
[BlackElo "2201"]
[Annotator "NA"]
[PlyCount "70"]
[EventDate "2018.07.07"]
[EventType "swiss"]
[EventCountry "NED"]
[SourceTitle "playchess.com"]
[Source "ChessBase"]
[SourceQuality "1"]
[TimeControl "40/5400+30:1800+30"]

1. d4 {[%emt 0:01:42]} Nf6 {[%emt 0:00:00]} 2. c4 {[%emt 0:00:10]} g6 {[%emt 0:00:00]} 3. Nf3 {[%emt 0:00:16]} Bg7 {[%emt 0:00:00]} 4. Nc3 {[%emt 0:00:13]} O-O {[%emt 0:00:05]} 5. Bg5 {[%emt 0:00:19]} d6 {[%emt 0:00:34]} 6. e3 {[%emt 0:00:17] LiveBook: 1404 Partien} h6 {[%emt 0:02:40]} 7. Bh4 {[%emt 0:00:10]} c5 {[%emt 0:00:34]} 8. Be2 {[%emt 0:01:49]} g5 {[%emt 0:04:25]} 9. Bg3 {[%emt 0:00:11]} Nh5 {[%emt 0:00:55]} 10. Qd3 {[%emt 0:13:25]} (10. dxc5 $14 dxc5 11. Be5) 10... g4 {[%emt 0:19:22]} 11. Nh4 {[%emt 0:02:17]} cxd4 {[%emt 0:00:17]} 12. exd4 {[%emt 0:15:13]} Nc6 {[%emt 0:01:09]} 13. d5 $1 {[%emt 0:05:10]} Nd4 {[%emt 0:02:00]} 14. O-O {[%emt 0:07:25]} e5 $11 {[%emt 0:04:19]} 15. dxe6 {[%emt 0:04:24]} Bxe6 {[%emt 0:01:09]} 16. Nb5 {[%emt 0:07:04]} Nxe2+ {[%emt 0:10:21]} 17. Qxe2 {[%emt 0:00:17]} Rc8 {[%emt 0:00:38]} 18. Rac1 {[%emt 0:30:48]} Re8 {[%emt 0:08:57]} 19. Qd3 {[%emt 0:01:23]} Qg5 {[%emt 0:08:16]} 20. b3 {[%emt 0:04:10]} Red8 {[%emt 0:15:27]} 21. Rfd1 {[%emt 0:03:05]} a6 {[%emt 0:04:20]} 22. Nxd6 {[%emt 0:00:28]} Rc6 {[%emt 0:00:26]} 23. c5 {[%emt 0:00:36]} Nxg3 {[%emt 0:03:12]} 24. hxg3 {[%emt 0:00:30]} Rxc5 {[%emt 0:03:57]} 25. Rxc5 {[%emt 0:00:32]} Qxc5 {[%emt 0:00:02]} 26. b4 {[%emt 0:00:32]} Qxb4 {[%emt 0:00:37]} 27. Kh2 {[%emt 0:00:32]} Bf8 {[%emt 0:00:33]} 28. Qe3 {[%emt 0:00:29]} Rxd6 {[%emt 0:00:41]} 29. Re1 {[%emt 0:00:16]} Qd4 {[%emt 0:00:44]} 30. Qe2 {[%emt 0:00:22]} b5 {[%emt 0:01:46]} 31. Qc2 {[%emt 0:00:39]} Qd2 {[%emt 0:00:28]} 32. Qe4 {[%emt 0:00:12]} Qxf2 {[%emt 0:00:30]} 33. Re2 {[%emt 0:00:42]} Qd4 {[%emt 0:00:30]} 34. Qa8 {[%emt 0:00:43]} Qa1 {[%emt 0:01:47]} 35. Qa7 {[%emt 0:00:38]} Rd1 {[%emt 0:00:30]} 0-1

[Event "8th Amsterdam Summer Open-A 2018"]
[Site "Amsterdam"]
[Date "2018.07.14"]
[Round "8"]
[White "Hernandez Iglesias, Francisco"]
[Black "Mijnheer, Peter"]
[Result "1/2-1/2"]
[WhiteElo "2047"]
[BlackElo "2106"]
[Annotator "NA"]
[PlyCount "20"]
[EventDate "2018.07.07"]
[EventType "swiss"]
[EventCountry "NED"]
[SourceTitle "playchess.com"]
[Source "ChessBase"]
[SourceQuality "1"]
[TimeControl "40/5400+30:1800+30"]

1. d4 {[%emt 0:00:00]} d5 {[%emt 0:00:00]} 2. c4 {[%emt 0:00:00]} e6 {[%emt 0:00:00]} 3. Nc3 {[%emt 0:00:00]} Nf6 {[%emt 0:00:00]} 4. cxd5 {[%emt 0:00:00]} exd5 {[%emt 0:00:00]} 5. Bg5 {[%emt 0:00:03]} c6 {[%emt 0:00:10]} 6. e3 {[%emt 0:00:09]} Be7 {[%emt 0:01:06]} 7. Bd3 {[%emt 0:00:11]} Nbd7 {[%emt 0:00:04]} 8. Nf3 {[%emt 0:00:46]} Nf8 {[%emt 0:02:33]} 9. Qc2 {[%emt 0:01:14]} Ne6 {[%emt 0:00:28]} 10. Bh4 {[%emt 0:02:40]} g6 {[%emt 0:00:14]} 1/2-1/2

[Event "8th Amsterdam Summer Open-A 2018"]
[Site "Amsterdam"]
[Date "2018.07.14"]
[Round "8"]
[White "Pham, Khoi"]
[Black "Bosboom, Manuel"]
[Result "0-1"]
[WhiteElo "2037"]
[BlackElo "2403"]
[Annotator "NA"]
[PlyCount "82"]
[EventDate "2018.07.07"]
[EventType "swiss"]
[EventCountry "NED"]
[SourceTitle "playchess.com"]
[Source "ChessBase"]
[SourceQuality "1"]
[TimeControl "40/5400+30:1800+30"]

1. e4 {[%emt 0:00:00]} c5 {[%emt 0:01:03]} 2. Nf3 {[%emt 0:00:00]} a6 {[%emt 0:00:31]} 3. c3 {[%emt 0:00:00]} d5 {[%emt 0:01:07]} 4. exd5 {[%emt 0:00:13]} Nf6 {[%emt 0:00:41]} 5. d4 {[%emt 0:01:23]} cxd4 {[%emt 0:02:39]} 6. cxd4 {[%emt 0:03:05]} g6 {[%emt 0:01:14]} 7. Nc3 {[%emt 0:01:10]} Bg7 {[%emt 0:01:03]} 8. Bc4 {[%emt 0:04:33] LiveBook: 3 Games B27: Sicilian: 2 Nf3, unusual Black 2nd moves} O-O {[%emt 0:03:39]} 9. O-O {[%emt 0:00:43]} b5 {[%emt 0:00:30]} 10. Bb3 {[%emt 0:01:02]} Bb7 {[%emt 0:00:14]} 11. Re1 {[%emt 0:03:44]} b4 {[%emt 0:05:56]} 12. Na4 {[%emt 0:03:25]} Bxd5 {[%emt 0:02:06]} 13. Bf4 $146 {[%emt 0:04:55]} ({Predecessor:} 13. Bg5 Bxb3 14. Qxb3 Nc6 15. Rad1 Qd5 {1-0 (35) Ismagambetov,A (2492)-Kuderinov,K (2481) Maralsay 2010}) 13... Nc6 {[%emt 0:01:55]} 14. Rc1 {[%emt 0:03:04]} Bxf3 {[%emt 0:08:41]} 15. Qxf3 {[%emt 0:01:46]} Nxd4 {[%emt 0:00:56]} 16. Qb7 {[%emt 0:00:23]} Nxb3 {[%emt 0:08:09]} 17. axb3 {[%emt 0:02:46]} Nd5 {[%emt 0:02:39]} 18. Bg3 {[%emt 0:04:56]} (18. Bg5 $1 $15 Rb8 19. Qxa6) 18... e6 {[%emt 0:00:39]} 19. Rc6 {[%emt 0:03:42]} a5 {[%emt 0:09:03]} 20. Rec1 {[%emt 0:03:19]} h5 {[%emt 0:01:24]} 21. h3 {[%emt 0:01:50]} h4 {[%emt 0:02:44]} 22. Bd6 {[%emt 0:01:25]} Re8 {[%emt 0:00:46]} 23. R1c4 {[%emt 0:07:45]} Qg5 {[%emt 0:02:00]} 24. Rg4 {[%emt 0:02:01]} Qd2 {[%emt 0:01:07]} 25. Nc5 {[%emt 0:09:37]} Rad8 {[%emt 0:04:01]} 26. Ne4 {[%emt 0:03:01]} Qe1+ {[%emt 0:01:31]} 27. Kh2 {[%emt 0:00:05] [#]} Nf6 $15 {[%emt 0:01:41]} (27... Rxd6 $1 $19 {[%mdl 512]} 28. Nxd6 (28. Rxd6 Be5+) 28... Be5+ 29. f4 Bxd6) 28. Nxf6+ {[%emt 0:06:30]} Bxf6 {[%emt 0:00:02]} 29. Rf4 {[%emt 0:02:12]} Rxd6 {[%emt 0:14:30]} 30. Rxd6 {[%emt 0:06:10]} Qe5 {[%emt 0:01:07]} 31. Rdd4 {[%emt 0:04:12]} Rb8 {[%emt 0:04:30]} 32. Qa7 {[%emt 0:04:04]} Rc8 {[%emt 0:00:55]} 33. Rde4 {[%emt 0:01:15]} Qxb2 {[%emt 0:02:04]} 34. Qb7 {[%emt 0:05:24]} Rf8 {[%emt 0:03:22]} 35. Rg4 {[%emt 0:01:18]} Qxb3 {[%emt 0:01:09]} 36. Qa7 {[%emt 0:02:39]} Qd5 {[%emt 0:01:57]} 37. Qe3 {[%emt 0:01:12]} b3 {[%emt 0:02:41]} 38. Qe1 {[%emt 0:03:11]} b2 {[%emt 0:00:54]} 39. Qb1 {[%emt 0:00:34]} Kg7 {[%emt 0:04:09]} 40. Re2 {[%emt 0:00:30]} Rc8 {[%emt 0:00:26]} 41. Rxb2 {[%emt 0:01:08]} Qe5+ {[%emt 0:00:00]} 0-1

[Event "8th Amsterdam Summer Open-A 2018"]
[Site "Amsterdam"]
[Date "2018.07.14"]
[Round "8"]
[White "Romkes, Abel"]
[Black "Vroombout, Enrico"]
[Result "1/2-1/2"]
[WhiteElo "2018"]
[BlackElo "2132"]
[Annotator "NA"]
[PlyCount "77"]
[EventDate "2018.07.07"]
[EventType "swiss"]
[EventCountry "NED"]
[SourceTitle "playchess.com"]
[Source "ChessBase"]
[SourceQuality "1"]
[TimeControl "40/5400+30:1800+30"]

1. e4 {[%emt 0:00:00]} e6 {[%emt 0:00:00]} 2. d4 {[%emt 0:00:00]} d5 {[%emt 0:00:00]} 3. Nd2 {[%emt 0:00:00]} Nf6 {[%emt 0:00:14]} 4. e5 {[%emt 0:00:00]} Nfd7 {[%emt 0:00:03]} 5. Bd3 {[%emt 0:00:11]} c5 {[%emt 0:00:04]} 6. c3 {[%emt 0:00:06]} Nc6 {[%emt 0:00:06]} 7. Ne2 {[%emt 0:00:15]} cxd4 {[%emt 0:00:09]} 8. cxd4 {[%emt 0:00:06]} f6 {[%emt 0:00:03]} 9. exf6 {[%emt 0:00:17]} Nxf6 {[%emt 0:00:04]} 10. O-O {[%emt 0:00:22]} Bd6 {[%emt 0:00:06]} 11. Nf3 {[%emt 0:00:10]} O-O {[%emt 0:00:13]} 12. Bf4 {[%emt 0:00:47]} Nh5 {[%emt 0:00:13]} 13. Bxd6 {[%emt 0:04:59]} Qxd6 {[%emt 0:00:05]} 14. Qc2 {[%emt 0:02:34]} Nf6 {[%emt 0:04:47]} 15. a3 {[%emt 0:08:00]} Bd7 {[%emt 0:02:46]} 16. h3 {[%emt 0:18:59]} Rac8 {[%emt 0:00:15]} 17. Qd2 {[%emt 0:00:16]} a6 {[%emt 0:13:52]} 18. Rfe1 $14 {[%emt 0:11:36]} Nh5 {[%emt 0:29:07]} 19. Qe3 {[%emt 0:07:20]} Nf4 {[%emt 0:20:07]} 20. Nxf4 {[%emt 0:01:18]} Rxf4 {[%emt 0:01:25]} 21. g3 {[%emt 0:12:02]} Rff8 {[%emt 0:09:16]} 22. Rac1 {[%emt 0:07:05]} h6 {[%emt 0:03:34]} 23. Bb1 {[%emt 0:01:35]} Qe7 {[%emt 0:02:06]} 24. Qd3 {[%emt 0:04:59]} g5 {[%emt 0:01:23]} 25. Rcd1 {[%emt 0:02:10]} Qg7 {[%emt 0:01:01]} 26. Kg2 {[%emt 0:07:50]} Rf6 {[%emt 0:01:53]} 27. Ne5 {[%emt 0:02:01]} Rcf8 {[%emt 0:02:22]} 28. Rd2 {[%emt 0:00:50]} Nxe5 {[%emt 0:01:29]} 29. Rxe5 {[%emt 0:00:15]} Qf7 {[%emt 0:02:48]} 30. Qe3 {[%emt 0:02:16]} Rf3 {[%emt 0:00:24]} 31. Qe1 {[%emt 0:00:21]} Qf6 {[%emt 0:01:25]} 32. Bc2 {[%emt 0:00:55]} Qg7 {[%emt 0:00:43]} 33. Bd1 {[%emt 0:00:19]} R3f6 {[%emt 0:00:04]} 34. Bg4 {[%emt 0:00:31]} Qf7 {[%emt 0:00:56]} 35. Rde2 {[%emt 0:02:34]} Re8 {[%emt 0:00:16]} 36. R2e3 {[%emt 0:00:49]} Rf8 {[%emt 0:00:13]} 37. Re2 {[%emt 0:00:34]} Re8 {[%emt 0:00:18]} 38. R2e3 {[%emt 0:01:23]} Rf8 {[%emt 0:00:11]} 39. Re2 {[%emt 0:00:07]} 1/2-1/2

[Event "8th Amsterdam Summer Open-A 2018"]
[Site "Amsterdam"]
[Date "2018.07.15"]
[Round "9"]
[White "Lai, Hing Ting"]
[Black "Grooten, Herman"]
[Result "1-0"]
[WhiteElo "2447"]
[BlackElo "2384"]
[Annotator "TA"]
[PlyCount "69"]
[EventDate "2018.07.07"]
[EventType "swiss"]
[EventCountry "NED"]
[SourceTitle "playchess.com"]
[Source "ChessBase"]
[SourceQuality "1"]

{[%evp 22,69,18,11,16,14,16,0,34,23,56,73,59,41,54,66,65,63,42,54,56,47,51,15,20,0,265,268,276,282,262,214,564,562,575,561,724,711,785,767,1332,1303,1608,1201,29981,29982,29982,29982,5414,2829]} 1. d4 Nf6 2. c4 e6 3. Nf3 b6 4. g3 Ba6 5. b3 Bb4+ 6. Bd2 Be7 7. Nc3 d5 8. cxd5 exd5 9. Bg2 O-O 10. O-O Bb7 11. Qc2 Nbd7 {E15: Queen's Indian: 4 g3 sidelines, 4 g3 Ba6 and 4 g3 Bb7 early deviations} 12. Rfd1 {LiveBook: 8 Games} (12. Rad1 Re8 13. Bc1 c6 14. Bb2 Bd6 15. Nd2 Bb4 16. Rfe1 Qe7 17. e4 dxe4 18. Ncxe4 Qf8 19. a3 Nxe4 20. axb4 Nxd2 21. Rxe8 Rxe8 22. Qxd2 {½-½ (40) Navara,D (2739)-Bosiocic,M (2603) Minsk 2017}) 12... a6 13. Bf4 Re8 {The position is equal.} 14. a3 $146 ({Predecessor:} 14. Ne5 Bd6 15. Nxd7 Qxd7 16. Bxd6 Qxd6 17. Rac1 Rac8 18. e3 g6 19. Qb2 {0-1 (38) Wells,P (2442)-Lenderman,A (2627) London 2015}) 14... Ra7 15. b4 c6 16. Ne5 Nf8 17. Na4 Bd6 18. e3 Bxe5 19. dxe5 N6d7 {Threatens to win with ...g5.} 20. e4 $36 {[%mdl 2048] Black is under pressure.} Nxe5 21. Be3 Nfd7 22. exd5 cxd5 {White should prevent ...d4!} 23. Bxd5 Nf3+ $2 {[%mdl 8192]} (23... Bxd5 $11 24. Rxd5 Qb8) 24. Bxf3 $1 $18 Bxf3 {[#]} 25. Bxb6 $1 {[%mdl 512]} Qa8 (25... Nxb6 26. Rxd8) 26. Bxa7 {[%cal Bb6a7,Ba7c5,Bc5f8][%mdl 32]} Be4 $2 (26... Ne5 {is more resistant.}) 27. Qc7 Ne5 {( -> ...Bh1)} 28. f4 ({Less strong is} 28. Nb6 Nf3+ 29. Kf1 Nxh2+ 30. Kg1 Nf3+ 31. Kg2 Ng5+ 32. Kg1 Nf3+ 33. Kg2 Ne1+ 34. Kh2 Nf3+ 35. Kh3 Ng5+ 36. Kh2 Nf3+ 37. Kg2 $11) 28... Bh1 {[%csl Gh1][%cal Ra8g2]} 29. Ra2 Ng4 {[#]} 30. Re2 $3 Rf8 (30... Rxe2 31. Rd8+) 31. Bc5 h5 32. Qe7 Qf3 33. Qxf8+ Kh7 {[#]} 34. Qxf7 $1 Nf6 {[#]} 35. Bf8 $1 {Precision: White = 55%, Black = 37%.} 1-0

[Event "8th Amsterdam Summer Open-A 2018"]
[Site "Amsterdam"]
[Date "2018.07.15"]
[Round "9"]
[White "Bosboom, Manuel"]
[Black "Kollen, Zyon"]
[Result "1/2-1/2"]
[WhiteElo "2403"]
[BlackElo "2313"]
[Annotator "TA"]
[PlyCount "116"]
[EventDate "2018.07.07"]
[EventType "swiss"]
[EventCountry "NED"]
[SourceTitle "playchess.com"]
[Source "ChessBase"]
[SourceQuality "1"]

{[%evp 21,116,-23,-23,-34,-5,-11,66,52,55,20,29,29,37,20,52,0,9,-14,6,-13,45,39,54,54,129,123,131,121,120,128,114,128,118,117,118,128,131,102,88,91,88,60,59,41,104,33,116,114,146,127,137,133,145,136,120,66,58,68,60,59,56,74,67,85,72,58,81,78,98,108,160,108,127,40,28,26,29,8,8,8,8,8,8,8,8,8,8,8,8,8,8,0,0,0,7,0,0]} 1. Nf3 Nf6 2. g3 d5 3. Bg2 e6 4. O-O Be7 5. d3 O-O 6. Nbd2 c5 7. e4 Nc6 8. Re1 Qc7 9. c3 b6 10. Qe2 Ba6 11. e5 Nd7 {LiveBook: 11 Games} 12. h4 {C00: French: Unusual White 2nd moves} (12. Nf1 Rae8 13. Bf4 Qb8 14. h4 Bd8 15. Qe3 Bc7 16. d4 f6 17. N1h2 b5 18. h5 b4 19. h6 g6 20. Ng4 {1-0 (28) Chigaev,M (2480)-Studer,N (2341) Budva 2013}) 12... Rfe8 13. Nf1 {[%cal Bd2f1,Bf1h2,Bh2g4,Bg4f6][%mdl 32]} f6 (13... Rac8 $11) 14. exf6 $14 {White is slightly better.} Bxf6 15. N1h2 $146 (15. Bf4 $5 {[%cal Rf4c7]} Qd8 16. Ne3 $14) ({Predecessor:} 15. Qc2 Nce5 16. Rd1 Nxf3+ 17. Bxf3 Rac8 18. Bf4 Be5 19. Bxe5 Nxe5 {1-0 (87) Machado,A (1662)-Cardoso,L (1648) Sao Paulo 2017}) 15... e5 16. Qc2 Rad8 17. Ng4 Nf8 18. Nxf6+ gxf6 19. Nh2 {[%cal Bf3h2,Bh2g4,Bg4h6,Bh6f5][%mdl 32]} Qg7 20. Be3 Qg6 (20... Ne6 $11) 21. Qa4 $36 {[%mdl 2048] White has good play.} Nb8 22. Ng4 {Black must now prevent h5!} d4 (22... Kh8 $1 $14) 23. Nh6+ $16 Kh8 24. Be4 Qg7 25. cxd4 cxd4 26. Bd2 Ne6 27. b4 Nf4 28. Nf5 Qg4 29. Bxf4 exf4 30. Qd1 Qxd1 31. Raxd1 (31. Rexd1 {looks sharper.} fxg3 32. fxg3 Bc4 33. a3 Bb3 34. Re1) 31... fxg3 32. fxg3 Bc8 (32... Bb5 $14) 33. Rf1 (33. Rc1 $16) 33... Bxf5 (33... Na6 $1 $14) 34. Rxf5 Kg7 35. Rc1 Re7 36. Rh5 h6 37. Rf1 Re5 38. Rhf5 (38. Rxe5 $16 fxe5 39. Rc1) 38... Rxf5 $14 39. Rxf5 {[%mdl 4096] Endgame KRB-KRN} Rd6 40. Rf4 Nc6 41. Rg4+ Kf7 42. Rg6 Nxb4 43. a3 Nd5 {With the idea ...Nc3.} 44. Rxh6 Ne7 45. g4 Re6 (45... Rd8 $142) 46. Rh8 ({Better is} 46. Rh7+ Kg8 47. Rh5) 46... Re5 47. Rd8 ({White should play} 47. Kg2 $16) 47... f5 48. gxf5 Nxf5 49. Bxf5 (49. h5 {keeps more tension.} Nh6 50. Rxd4 Rxh5 51. Rd7+ Ke6 52. Rxa7 Nf5 53. Kf2) 49... Rxf5 {The position is equal.} 50. Rxd4 $11 {KR-KR} Ra5 51. a4 Ke6 52. Kf2 b5 $1 {[%cal Rb5a4]} 53. axb5 Rxb5 54. Rg4 {Rg6+ is the strong threat.} a5 55. Rg6+ Kf7 56. Ra6 Rh5 57. Ke3 Ke7 58. d4 Kd7 {Precision: White = 48%, Black = 52%.} 1/2-1/2

[Event "8th Amsterdam Summer Open-A 2018"]
[Site "Amsterdam"]
[Date "2018.07.15"]
[Round "9"]
[White "De Boer, Eelke"]
[Black "Brink, Barry"]
[Result "1/2-1/2"]
[WhiteElo "2317"]
[BlackElo "2342"]
[Annotator "TA"]
[PlyCount "68"]
[EventDate "2018.07.07"]
[EventType "swiss"]
[EventCountry "NED"]
[SourceTitle "playchess.com"]
[Source "ChessBase"]
[SourceQuality "1"]

{[%evp 22,68,9,12,17,7,10,0,16,16,17,19,17,19,14,19,2,0,72,0,0,-37,0,-34,-24,-56,-66,-141,-109,-107,-87,-114,-67,-64,-43,-33,0,0,0,0,0,0,0,0,0,0,0,0,0]} 1. e4 e5 2. Nf3 Nc6 3. Bb5 a6 4. Ba4 Nf6 5. O-O b5 6. Bb3 Bc5 7. a4 Rb8 {C78: Ruy Lopez: Archangelsk and Möller Defences} 8. Nxe5 Nxe5 9. d4 Bxd4 10. Qxd4 d6 11. f4 Nc6 12. Qc3 {LiveBook: 22 Games} Ne7 13. Qd3 {White wants to play axb5.} O-O 14. Nc3 {[%cal Ra4b5]} c5 15. axb5 axb5 16. Nxb5 Nxe4 17. Qxe4 {[#] Re1 is the strong threat.} Rxb5 {[#]} 18. Ra7 $146 Bd7 19. Qd3 Rb6 {[#]} (19... Nf5 $11) 20. Bd2 (20. f5 $1 $16 Nc6 21. Ra3) 20... Bf5 $11 21. Qg3 d5 22. Qh4 Re6 23. Ba5 Qe8 $1 {aiming for ...c4.} 24. Bd2 (24. Bc3 $1 $15) 24... Nc6 25. Raa1 Qd7 26. c3 Rfe8 27. Rfe1 c4 (27... Be4 {is more complex.} 28. Bd1 Rg6 29. g4 Rb8 30. b3 f5) 28. Rxe6 fxe6 (28... Qxe6 {with more complications.} 29. Re1 Be4 30. Bd1 Rb8 31. Bc1 f5) 29. Ba4 {The position is equal.} Ra8 {Hoping for ...Bc2!} 30. Qe1 Qd6 31. Bxc6 Qxc6 32. Rxa8+ Qxa8 33. Be3 Qa2 34. Qc1 Qb1 {Precision: White = 55%, Black = 55%.} 1/2-1/2

[Event "8th Amsterdam Summer Open-A 2018"]
[Site "Amsterdam"]
[Date "2018.07.15"]
[Round "9"]
[White "Elgersma, Simon"]
[Black "Van Baar, Esper"]
[Result "1/2-1/2"]
[WhiteElo "2263"]
[BlackElo "2252"]
[Annotator "TA"]
[PlyCount "41"]
[EventDate "2018.07.07"]
[EventType "swiss"]
[EventCountry "NED"]
[SourceTitle "playchess.com"]
[Source "ChessBase"]
[SourceQuality "1"]

{[%evp 15,41,48,46,27,41,46,48,18,18,18,17,19,19,16,20,27,26,20,25,15,52,50,52,56,47,26,32,30]} 1. e4 c5 2. Nf3 d6 3. Bb5+ Nc6 4. O-O Nf6 5. Re1 Bd7 6. h3 a6 7. Bf1 Ne5 {B51: Sicilian: Moscow Variation (3 Bb5+) without 3...Bd7} (7... g5 8. d4 g4 9. d5 gxf3 10. dxc6 Bxc6 11. Qxf3 Nd7 12. Nc3 Bg7 13. Qg3 Be5 14. Bf4 Bxf4 {½-½ (14) Rozentalis,E (2535)-Laznicka,V (2672) Chartres 2017}) 8. Nxe5 dxe5 {LiveBook: 3 Games} 9. a4 Bc6 $146 {White has an edge.} ({Predecessor:} 9... e6 10. b3 b5 11. Bb2 bxa4 12. Bxe5 Bc6 13. Nc3 Nd7 14. Bg3 axb3 15. cxb3 {1-0 (38) Stukopin,A (2500)-Moskalenko,A (2459) Moscow 2013}) 10. d3 b5 11. Be3 e6 12. Nd2 Be7 13. Nb3 Nd7 14. axb5 axb5 15. Rxa8 Qxa8 16. Qd2 O-O 17. Ra1 Qb7 18. Na5 Qa6 {[#]} 19. Nxc6 $1 {[%mdl 512]} Qxc6 20. Be2 Ra8 21. Rxa8+ 1/2-1/2

[Event "8th Amsterdam Summer Open-A 2018"]
[Site "Amsterdam"]
[Date "2018.07.15"]
[Round "9"]
[White "Kokje, Joris"]
[Black "Kohler, Aran"]
[Result "1/2-1/2"]
[WhiteElo "2242"]
[BlackElo "2175"]
[Annotator "NA"]
[PlyCount "51"]
[EventDate "2018.07.07"]
[EventType "swiss"]
[EventCountry "NED"]
[SourceTitle "playchess.com"]
[Source "ChessBase"]
[SourceQuality "1"]
[TimeControl "40/5400+30:1800+30"]

1. d4 {[%emt 0:00:00]} Nf6 {[%emt 0:00:00]} 2. c4 {[%emt 0:00:00]} Nc6 {[%emt 0:00:00]} 3. Nf3 {[%emt 0:04:02]} e6 {[%emt 0:01:25]} 4. g3 {[%emt 0:00:54]} Bb4+ {[%emt 0:00:14]} 5. Bd2 {[%emt 0:00:45]} Qe7 {[%emt 0:00:10]} 6. Bg2 {[%emt 0:02:07]} Ne4 {[%emt 0:03:58]} 7. O-O {[%emt 0:01:53]} Bxd2 {[%emt 0:00:26] E11: Bogo-Indian} (7... Nxd2 8. Nbxd2 O-O 9. Nb3 b6 10. Rc1 Rb8 11. a3 Bd6 12. e4 Qd8 13. e5 Be7 14. d5 Na5 15. Nbd2 {½-½ (54) Danielian,E (2484)-Melia,S (2410) Batumi 2012}) 8. Nbxd2 {[%emt 0:01:02]} Nxd2 {[%emt 0:02:08]} 9. Qxd2 {[%emt 0:00:36]} d6 {[%emt 0:00:12]} 10. b4 {[%emt 0:02:58]} e5 {[%emt 0:01:49]} 11. d5 {[%emt 0:01:23]} Nb8 {[%emt 0:03:05]} 12. Rfc1 $146 {[%emt 0:07:08]} ({Predecessor:} 12. e4 Bg4 13. Ne1 Nd7 14. Nd3 g5 15. c5 {1-0 (37) Wurm,A (2156)-Antoniacci,R (1897) Arco 2017}) 12... a5 {[%emt 0:05:48]} 13. a3 {[%emt 0:03:33]} axb4 {[%emt 0:00:30]} 14. axb4 {[%emt 0:00:16]} Rxa1 {[%emt 0:00:05]} 15. Rxa1 {[%emt 0:00:11]} O-O {[%emt 0:00:14]} 16. Ra7 {[%emt 0:06:09]} h6 {[%emt 0:03:08]} 17. Qc3 {[%emt 0:02:02]} c6 {[%emt 0:09:47]} 18. Nd2 {[%emt 0:06:06]} Qc7 {[%emt 0:00:19]} 19. dxc6 {[%emt 0:09:39]} Nxc6 {[%emt 0:00:22]} 20. Ra2 {[%emt 0:02:18]} Be6 {[%emt 0:04:00]} 21. e3 {[%emt 0:04:49]} Rc8 {[%emt 0:04:26]} 22. Qa3 {[%emt 0:06:58]} Ne7 {[%emt 0:01:24]} (22... b5 $5 23. Bd5 bxc4 24. Bxe6 fxe6 25. Nxc4 Nxb4 26. Qxb4 Qxc4 27. Qxc4 Rxc4 $15) 23. Rc2 {[%emt 0:02:50]} b5 {[%emt 0:05:21]} 24. c5 {[%emt 0:00:16]} dxc5 {[%emt 0:03:04]} 25. Rxc5 {[%emt 0:03:17]} Qd7 {[%emt 0:01:00]} 26. Rxc8+ $11 {[%emt 0:02:22]} 1/2-1/2